Conjugaison - Finir - Statistiques

Statistiques générales
  • Ce quiz a été pris 104 fois
  • Le résultat moyen est 50 sur 83
Statistiques - réponses
% Correct
finis
100%
ai fini
99%
finis
98%
a fini
97%
as fini
97%
avez fini
97%
avons fini
97%
finissez
97%
finissons
97%
finit
97%
finissent
95%
ont fini
94%
finissais
89%
finissait
84%
finissiez
83%
finissions
83%
finissaient
80%
avais fini
77%
finis
77%
avait fini
75%
aviez fini
75%
avions fini
75%
avaient fini
74%
finit
73%
finira
69%
finirai
69%
finiras
69%
finirez
69%
finirons
69%
finiront
69%
finîmes
61%
aura fini
60%
auras fini
60%
aurez fini
60%
aurons fini
60%
auront fini
60%
finîtes
60%
aurai fini
59%
finirent
58%
finisse
58%
finisses
57%
finissiez
57%
finissions
57%
eus fini
56%
eut fini
56%
finirais
56%
finissent
56%
finir
55%
finiriez
55%
finirions
55%
eûmes fini
53%
eurent fini
53%
eûtes fini
53%
finirait
53%
fini
52%
finiraient
51%
aurais fini
50%
aurait fini
50%
auriez fini
50%
aurions fini
50%
finis
50%
auraient fini
49%
finissant
45%
finissez
42%
finissons
40%
avoir fini
34%
finît
34%
aient fini
32%
aies fini
32%
ait fini
32%
ayez fini
32%
ayons fini
32%
aie fini
31%
eusse fini
30%
eusses fini
30%
eût fini
28%
aie fini
27%
ayez fini
27%
eussent fini
27%
ayons fini
26%
eussiez fini
26%
eussions fini
26%
ayant fini
24%
Aucun quiz correspondant
Distribution des résultats
% des personnes avec chaque résultat
Percentile par nombre de réponses
Votre historique - résultats
Vous n’avez pas pris ce quiz